| 000 | 01423cam a2200421 i 4500 | ||
|---|---|---|---|
| 001 | 9755 | ||
| 003 | KOSZ 005 | ||
| 005 | 20200707143221.0 | ||
| 008 | 020718s1978 pl a f f |000 0 pol | ||
| 015 | _aPB 1978/8293 | ||
| 040 |
_aWA N _cWA N _dKOSZ 005/HR |
||
| 046 | _k1978 | ||
| 080 | _a664.8/.9 | ||
| 080 | _a621.56/.59 | ||
| 100 | 1 |
_aJastrzębski, Witold _eAutor |
|
| 245 | 1 | 0 |
_aTechnologia obróbki chłodniczej / _cWitold Jastrzębski. |
| 260 |
_a[Warszawa] : _bWydawnictwa Szkolne i Pedagogiczne, _c1978. |
||
| 300 |
_a418, [2] s. : _bil., tab., wykr. ; _c25 cm. |
||
| 336 |
_2rdacontent _aTekst _btxt |
||
| 337 |
_2rdamedia _aBez urządzenia pośredniczącego _bn |
||
| 338 |
_2rdacarrier _aWolumin _bnc |
||
| 380 | _aKsiążki | ||
| 380 | _aPublikacje dydaktyczne | ||
| 385 |
_mPoziom nauczania _aSzkoły zawodowe |
||
| 388 | _a1901-2000 | ||
| 388 | _a1945-1989 | ||
| 504 | _aBibliogr. | ||
| 521 | _aDla kl. II, III i IV tech. spoż. | ||
| 650 | 4 | _aChłodnictwo | |
| 650 | 4 | _aKonserwacja żywności | |
| 650 | 4 | _aTechnologia żywności | |
| 655 | 4 | _aPodręczniki dla szkół zawodowych | |
| 658 | _aEdukacja i pedagogika | ||
| 658 | _aInżynieria i technika | ||
| 710 | 2 |
_aWydawnictwa Szkolne i Pedagogiczne _4pbl. |
|
| 856 |
_uhttp://koha.tu.koszalin.pl/cgi-bin/koha/opac-detail.pl?biblionumber=9755 _yKatalog online BPK |
||
| 942 |
_2UKD _cKS |
||
| 999 |
_c9755 _d9755 |
||